Départements français contigus géographiquement ET numériquement - Statistiques

Statistiques générales
  • Ce quiz a été pris 31 fois
  • Le résultat moyen est 32 sur 38
Statistiques - réponses
Numéro de département Réponse % Correct
2A Corse-du-Sud
96%
2B Haute-Corse
96%
4 Alpes de Haute-Provence
93%
16 Charente
93%
5 Hautes-Alpes
93%
17 Charente-Maritime
89%
74 Haute-Savoie
89%
42 Loire
89%
73 Savoie
89%
81 Tarn
89%
67 Bas-Rhin
85%
52 Haute-Marne
85%
68 Haut-Rhin
85%
51 Marne
85%
54 Meurthe-et-Moselle
85%
82 Tarn-et-Garonne
85%
83 Var
85%
84 Vaucluse
85%
91 Essonne
81%
27 Eure
81%
28 Eure-et-Loir
81%
32 Gers
81%
31 Haute-Garonne
81%
43 Haute-Loire
81%
65 Hautes-Pyrénées
81%
87 Haute-Vienne
81%
92 Hauts-de-Seine
81%
92 Hauts-de-Seine
81%
36 Indre
81%
37 Indre-et-Loire
81%
46 Lot
81%
55 Meuse
81%
64 Pyrénées-Atlantiques
81%
86 Vienne
81%
47 Lot-et-Garonne
78%
93 Seine-Saint-Denis
78%
93 Seine-Saint-Denis
78%
94 Val-de-Marne
78%
Aucun quiz correspondant
Distribution des résultats
% des personnes avec chaque résultat
Percentile par nombre de réponses
Votre historique - résultats
Vous n’avez pas pris ce quiz